Statistics for ♫ "Yes I'm A Mess" - Lyrics - AJR ♫

Click here to take the quiz!

General Stats

  • This quiz has been taken 60 times
  • The average score is 248 of 318

Answer Stats

Lyric% Correct
I
100%
a
97%
an
97%
my
97%
S
97%
With
97%
with
97%
chest
95%
I'm
95%
me
95%
mess
95%
on
95%
Yes
95%
yes,
95%
Yes,
95%
up
90%
And
87%
and
87%
So
87%
to
87%
the
85%
But
82%
like
82%
in
82%
like
82%
that
82%
again
79%
at
79%
fillin'
79%
Got
79%
it
79%
night
79%
three
79%
head
77%
last
77%
life
77%
missed
77%
o'clock
77%
of
77%
stress
77%
Stress
77%
texts
77%
all
74%
All
74%
calls
74%
could
74%
Could
74%
guess
74%
Guess
74%
house
74%
now
74%
now,
74%
Now
74%
see
74%
spent
74%
two
74%
won't
74%
back
72%
friends
72%
hundred
72%
leave
72%
start
72%
talked
72%
you
72%
be
69%
blowin'
69%
Cheers
69%
cheers
69%
front
69%
just
69%
off
69%
pissed
69%
somehow?
69%
for
67%
guts
67%
this
67%
comes
64%
here
64%
job
64%
July
64%
myself
64%
sun
64%
When
64%
when
64%
hate
62%
2010s
59%
might
59%
feels
56%
Yeah,
56%
yeah,
56%
took
54%
pack
51%
what
51%
shit
49%
Delete
46%
every
46%
get
46%
is
46%
I've
46%
long
46%
number
46%
phone
46%
run?
46%
'cause
44%
done
44%
I'll
44%
really
44%
think
44%
from
41%
should
41%
stink
41%
tell
41%
that's
41%
boss
38%
mine
38%
fix
36%
new
36%
shirts
36%
Why
36%

Score Distribution

Percentile by Number Answered

Percent of People with Each Score

Your Score History

You have not taken this quiz